[Event "European Youth Chess Championship B14"]
[Site "Prague, Top Hotel Prague"]
[Date "2012.08.17"]
[Round "1.56"]
[White "Erdogan, Anil Berk"]
[Black "Malhotra, Tarun"]
[Result "1/2-1/2"]
[WhiteElo "1681"]
[BlackElo "2005"]
[PlyCount "155"]
[EventDate "2012.08.17"]

1. e4 c5 2. c3 d5 3. exd5 Qxd5 4. d4 Nc6 5. Nf3 Bg4 6. Be2 cxd4 7. cxd4 e6 8.
O-O Nf6 9. Nc3 Qa5 10. Be3 Be7 11. a3 O-O 12. b4 Qd8 13. Qd2 Nd5 14. Nxd5 exd5
15. Ne5 Bxe2 16. Qxe2 Bd6 17. Nxc6 bxc6 18. Rac1 Qd7 19. Qa6 Rac8 20. Rc2 Rc7
21. Rfc1 Rfc8 22. h3 f5 23. f3 Qe6 24. Rc3 c5 25. Kh1 c4 26. Bf2 Qd7 27. Re1
Rc6 28. Qa4 f4 29. Kg1 Qf7 30. Kf1 h6 31. Re2 R6c7 32. Qd1 Rb8 33. Bh4 Rcb7 34.
Qe1 a5 35. bxa5 Rb1 36. Rc1 Rxc1 37. Qxc1 Qf5 38. Be1 Rb1 39. Qc3 Rb3 40. Qc2
Qxc2 41. Rxc2 Rxa3 42. Kg1 Bc7 43. Bd2 g5 44. Bb4 Ra1+ 45. Kh2 Bxa5 46. Bxa5
Rxa5 47. Rb2 Kf7 48. h4 Ra6 49. Rb7+ Kg6 50. hxg5 hxg5 51. Rc7 Ra1 52. Rc5 c3
53. Rxc3 Rd1 54. Rc6+ Kf5 55. g4+ fxg3+ 56. Kxg3 Rxd4 57. Rc8 Rf4 58. Rf8+ Ke5
59. Re8+ Kd4 60. Rg8 Ke3 61. Re8+ Kd2 62. Re5 d4 63. Rxg5 Rf8 64. Rd5 d3 65.
Rd7 Kc2 66. Rc7+ Kd1 67. Kg4 d2 68. Rd7 Re8 69. f4 Ke2 70. Kg5 Rg8+ 71. Kf6
Rf8+ 72. Kg5 d1=Q 73. Rxd1 Kxd1 74. f5 Ke2 75. Kg6 Ke3 76. f6 Ke4 77. Kg7 Ra8
78. f7 1/2-1/2

[Event "European Youth Chess Championship B14"]
[Site "Prague, Top Hotel Prague"]
[Date "2012.08.17"]
[Round "1.57"]
[White "Musiienko, Danylo"]
[Black "Skorepa, Jakub"]
[Result "0-1"]
[WhiteElo "2004"]
[BlackElo "1680"]
[PlyCount "60"]
[EventDate "2012.08.17"]

1. d4 d5 2. Nf3 Nf6 3. c4 c6 4. e3 e6 5. Nbd2 Nbd7 6. Bd3 Bd6 7. e4 dxe4 8.
Nxe4 Nxe4 9. Bxe4 O-O 10. O-O h6 11. b3 Nf6 12. Bc2 b6 13. Bb2 Bb7 14. Qd3 Re8
15. Rfe1 Qc7 16. Ne5 Rad8 17. d5 cxd5 18. Ng4 Ne4 19. cxd5 Bxd5 20. f3 Bc5+ 21.
Kh1 Bb7 22. Qc4 Nd6 23. Qc3 f6 24. b4 Nb5 25. Nxf6+ gxf6 26. Qxf6 Bd4 27. Bxd4
Nxd4 28. Bg6 Rf8 29. Qh4 Kg7 30. Bh5 Qc2 0-1

[Event "European Youth Chess Championship B14"]
[Site "Prague, Top Hotel Prague"]
[Date "2012.08.17"]
[Round "1.58"]
[White "Inan, Canberk"]
[Black "Morozov, Nichita"]
[Result "0-1"]
[WhiteElo "1673"]
[BlackElo "2002"]
[PlyCount "78"]
[EventDate "2012.08.17"]

1. e4 d6 2. d4 Nf6 3. Nc3 g6 4. Nf3 Bg7 5. Bf4 O-O 6. Qd2 a6 7. Bh6 b5 8. Bxg7
Kxg7 9. Bd3 Bb7 10. a3 c5 11. d5 Nbd7 12. h4 h5 13. b3 Re8 14. Ng5 Nf8 15. O-O
e6 16. dxe6 Nxe6 17. f4 Rc8 18. f5 Nxg5 19. hxg5 Ng4 20. Qf4 Qc7 21. Be2 Ne5
22. f6+ Kf8 23. Qh4 Red8 24. g4 c4 25. gxh5 Qc5+ 26. Rf2 cxb3 27. hxg6 Nxg6 28.
Qh6+ Ke8 29. Nd5 bxc2 30. Rc1 Bxd5 31. exd5 Qe3 32. Bg4 Qxc1+ 33. Kg2 Qe3 34.
Qg7 Qxf2+ 35. Kxf2 c1=Q 36. Qg8+ Nf8 37. g6 Qf4+ 38. Ke1 Rc1+ 39. Bd1 Qe3+ 0-1

[Event "European Youth Chess Championship B14"]
[Site "Prague, Top Hotel Prague"]
[Date "2012.08.17"]
[Round "1.59"]
[White "Petr, Jan"]
[Black "Truksa, Vaclav"]
[Result "1-0"]
[WhiteElo "2001"]
[BlackElo "1673"]
[PlyCount "81"]
[EventDate "2012.08.17"]

1. f4 e6 2. Nf3 Nf6 3. b3 d5 4. Bb2 Bd6 5. e3 Nbd7 6. Be2 b6 7. O-O Bb7 8. Ne5
Qe7 9. d3 c5 10. Nd2 Rd8 11. Rf3 d4 12. Nxd7 Rxd7 13. e4 Nh5 14. e5 Bxf3 15.
Bxf3 Nxf4 16. exd6 Qxd6 17. Nc4 Qc7 18. Qe1 Ng6 19. a4 O-O 20. Qe4 Qf4 21. Qxf4
Nxf4 22. a5 b5 23. Bc6 bxc4 24. Bxd7 cxd3 25. Bc1 Ne2+ 26. Kf2 Rd8 27. Bb5 Nxc1
28. Rxc1 dxc2 29. Rxc2 Kf8 30. Rxc5 Rd5 31. Rxd5 exd5 32. Ke2 Ke7 33. Kd3 Kd6
34. Kxd4 f5 35. Be2 Kc6 36. b4 g6 37. b5+ Kd6 38. Bf3 g5 39. Bxd5 h5 40. b6
axb6 41. a6 1-0

[Event "European Youth Chess Championship B14"]
[Site "Prague, Top Hotel Prague"]
[Date "2012.08.17"]
[Round "1.60"]
[White "Cavadas, Francisco"]
[Black "Puskar, Peter"]
[Result "0-1"]
[WhiteElo "1649"]
[BlackElo "1998"]
[PlyCount "68"]
[EventDate "2012.08.17"]

1. e4 c5 2. Nf3 d6 3. d4 cxd4 4. Qxd4 a6 5. c4 Nc6 6. Qd3 Nf6 7. Nc3 Nd7 8. Be3
g6 9. Be2 Bg7 10. O-O O-O 11. Nd4 Nde5 12. Qd2 Rb8 13. f4 Ng4 14. Bxg4 Bxg4 15.
h3 Bd7 16. Rab1 Rc8 17. b3 Qa5 18. Nxc6 Bxc6 19. Nd5 Qd8 20. Bd4 f6 21. f5 Rf7
22. Rbe1 b5 23. Bb6 Qd7 24. Bd4 Qb7 25. Qd3 Kh8 26. Nf4 gxf5 27. exf5 Bh6 28.
Nd5 Rg8 29. g4 Bg5 30. Qe4 Rfg7 31. Qe6 Bh4 32. Re4 h5 33. Kh2 bxc4 34. bxc4
Bd7 0-1

[Event "European Youth Chess Championship B14"]
[Site "Prague, Top Hotel Prague"]
[Date "2012.08.17"]
[Round "1.61"]
[White "Kovalev, Egor"]
[Black "Cach, Jakub"]
[Result "1-0"]
[WhiteElo "1992"]
[BlackElo "1596"]
[PlyCount "49"]
[EventDate "2012.08.17"]

1. e4 e5 2. Nf3 Nc6 3. Bb5 Bc5 4. c3 Nf6 5. d4 exd4 6. e5 Nd5 7. O-O O-O 8.
cxd4 Bb6 9. Nc3 Nxc3 10. bxc3 d6 11. Ba3 Bg4 12. Qd3 Re8 13. exd6 cxd6 14. Rae1
Rxe1 15. Rxe1 Ne7 16. Qe4 Bxf3 17. Qxf3 Qc7 18. h4 h6 19. h5 Ba5 20. Re3 Kf8
21. Ba4 Rd8 22. Bb3 Nc6 23. Qf5 Kg8 24. Bc2 f6 25. Qh7+ 1-0

[Event "European Youth Chess Championship B14"]
[Site "Prague, Top Hotel Prague"]
[Date "2012.08.17"]
[Round "1.62"]
[White "Sorin, Ilya"]
[Black "Petrov, Vladimir Sergeev"]
[Result "0-1"]
[WhiteElo "1575"]
[BlackElo "1991"]
[PlyCount "80"]
[EventDate "2012.08.17"]

1. e4 c5 2. Nf3 d6 3. d4 cxd4 4. Nxd4 Nf6 5. Nc3 a6 6. Be3 e5 7. Nf3 Be7 8. Bc4
O-O 9. O-O Qc7 10. Bd5 Bd7 11. Nd2 Bc6 12. Nc4 Nbd7 13. Bxc6 Qxc6 14. f4 exf4
15. Bxf4 Ne5 16. Qe2 Nxc4 17. Qxc4 Qb6+ 18. Kh1 Qxb2 19. Na4 Qb5 20. Qxb5 axb5
21. Nb6 Ra6 22. Be3 Nxe4 23. Rf4 Nc5 24. Bxc5 dxc5 25. Nd7 Rd8 26. Ne5 Bf6 27.
Re4 Re8 28. Rae1 Rxa2 29. Nf3 Rxe4 30. Rxe4 Ra1+ 31. Ne1 Kf8 32. Kg1 Bc3 33.
Kf2 Bxe1+ 34. Rxe1 Rxe1 35. Kxe1 Ke7 36. Ke2 Ke6 37. Ke3 Ke5 38. c3 c4 39. g3
g5 40. h3 f5 0-1

[Event "European Youth Chess Championship B14"]
[Site "Prague, Top Hotel Prague"]
[Date "2012.08.17"]
[Round "1.63"]
[White "Abramciuc, Marius"]
[Black "Liebert, Erwin"]
[Result "1-0"]
[WhiteElo "1990"]
[BlackElo "1566"]
[PlyCount "41"]
[EventDate "2012.08.17"]

1. e4 e5 2. Nf3 Nc6 3. Bb5 a6 4. Ba4 Nf6 5. Qe2 d6 6. c3 Bg4 7. O-O Be7 8. Rd1
O-O 9. d4 exd4 10. cxd4 b5 11. Bb3 Re8 12. e5 dxe5 13. dxe5 Bxf3 14. Qxf3 Nxe5
15. Bxf7+ Kxf7 16. Qb3+ Kf8 17. Rxd8 Raxd8 18. Bf4 Rd3 19. Qc2 Red8 20. Nc3 Nc4
21. Rd1 1-0